International Labour Review

Enregistré dans:
Détails bibliographiques
Format: Publication en série
Langue:anglais
Publié: Geneva International Labour Office
Tags: Ajouter un tag
Pas de tags, Soyez le premier à ajouter un tag!

MARC

LEADER 00000nas1a22000001 4500
001 s123273
005 20250701092110.0
022 |a 0020-7780 
022 |a 1564-913X 
041 0 |a eng 
044 |a CH 
245 1 0 |a International Labour Review 
264 1 |a Geneva  |b International Labour Office